Statistiques concernant Top 10 des villes les plus peuplées de Nouvelle-Galles du Sud

Cliquez ici pour prendre le quiz!

Statistiques générales

  • Ce quiz a été pris 2 fois
  • Le résultat moyen est 2 sur 10

Statistiques - réponses

PopulationsVilles% Correct
4 506 814Sydney
100%
367 907Newcastle
50%
289 055Wollongong
50%
87 796Albury-Wodonga
0%
68 011Coffs Harbour
0%
71 767Maitland
0%
39 741Orange
0%
44 848Port Macquarie
0%
41 784Tamworth
0%
55 331Wagga Wagga
0%

Distribution des résultats

Percentile par nombre de réponses

% des personnes avec chaque résultat

Votre développement - résultats

Vous n’avez pas pris ce quiz